| 000 | 00395nam a2200157Ia 4500 | ||
|---|---|---|---|
| 003 | Ost | ||
| 005 | 20260225132554.0 | ||
| 008 | 260225s9999||||xx |||||||||||||| ||und|| | ||
| 040 | _cfsic | ||
| 041 | _afre | ||
| 082 | _a440 | ||
| 100 |
_aLouis Guéry _eAuteur |
||
| 245 | 0 | _ale secrétariat de rédaction de la copie a la maquette de mise en page / | |
| 245 | 0 | _cLouis Guéry | |
| 942 | _cكتاب | ||
| 999 |
_c34324 _d34324 |
||